| 000 | 02060cam a22003495i 4500 | ||
|---|---|---|---|
| 999 |
_c27828 _d27799 |
||
| 001 | 15565092 | ||
| 003 | EG-ScBUE | ||
| 005 | 20191209135958.0 | ||
| 008 | 081222s2008 enkab f bd 001 0 eng d | ||
| 020 | _a9780340971611 (pbk.) | ||
| 035 | _a(OCoLC)ocn231580503 | ||
| 040 |
_aUKM _beng _erda _cUKM _dBTCTA _dBAKER _dYDXCP _dC#P _dBWX _dBWK _dDLC _dEG-ScBUE |
||
| 082 | 0 | 4 |
_a427 _bTRU _222 |
| 100 | 1 |
_aTrudgill, Peter, _eauthor. |
|
| 245 | 1 | 0 |
_aInternational English : _ba guide to varieties of standard English / _cPeter Trudgill, Jean Hannah. |
| 250 | _aFifth edition. | ||
| 264 | 1 |
_aLondon : _bHodder Education, _c2008. |
|
| 300 |
_axiv, 160 pages : _billustrations, maps ; _c24 cm |
||
| 336 |
_atext _btxt _2rdacontent |
||
| 337 |
_aunmediated _bn _2rdamedia |
||
| 338 |
_avolume _bnc _2rdacarrier |
||
| 500 | _aFirst published in Great Britain in 1982. | ||
| 500 | _aIncludes glossary. | ||
| 504 | _aIncludes bibliographical references and index. | ||
| 520 | _a"From Scotland to Singapore, Canada to the Channel Islands, Namibia to New Zealand and beyond, International English takes you on a journey through the varieties of Standard English spoken around the world. Comparisons across the varieties provide a comprehensive guide to differences in phonetics, phonology, grammar and vocabulary, providing a useful resource for teachers of English as a foreign language and linguistics students alike." "In this fifth edition the authors have added a new discussion of what Standard English really is, as well as an outline of typologies of varieties of English including ELF 'English as a lingua franca'. This new material will be of particular interest to teachers and advanced learners of English as a foreign or second language as well as students of sociolinguistics, English language and language variation." | ||
| 650 | 7 |
_aEnglish language _xVariation. _2BUEsh |
|
| 650 | 7 |
_aEnglish language _zForeign countries. _2BUEsh _93197 |
|
| 653 |
_bHHUUEENN _cNovember2019 |
||
| 655 | _vReading book | ||
| 700 | 1 |
_aHannah, Jean, _eauthor. |
|
| 942 |
_2ddc _cBB |
||